[Event "XI Open"]
[Site "Balaguer ESP"]
[Date "2006.07.18"]
[Round "2"]
[White "Djingarova,E"]
[Black "Kovchan,A"]
[Result "0-1"]
[WhiteElo "2300"]
[BlackElo "2498"]

1.e4 g6 2.d4 Bg7 3.Nc3 d5 4.exd5 Nf6 5.Bb5+ Nbd7 6.Nge2 O-O 7.Nf4 Nb6 8.Qf3 Bg4
9.Qg3 Bf5 10.Bd3 Bxd3 11.Nxd3 Nfxd5 12.Ne2 a5 13.a3 a4 14.h4 Qd6 15.Qh3 h5
16.g4 hxg4 17.Qxg4 Qc6 18.Qh3 Nf6 19.Bg5 Qxc2 20.Rc1 Qb3 21.h5 Nxh5 22.Nef4 Rfd8
23.Rc3 Qb5 24.Nxh5 Qxg5 25.Nxg7 Kxg7 26.Qh7+ Kf6 27.Nc5 Rxd4 28.Rf3+ Ke5
29.Nd3+ Kd6 30.Qxf7 Ra5 31.Re3 Qf6 32.Qg8 Rad5 33.Rh6 Rg4 34.Rhh3 Rgg5 35.Rhf3 Rgf5
36.Qd8+ Nd7 37.Rxf5 gxf5 38.Qg8 Rd4 39.Qg3+ f4 40.Qh2 c6 41.Nb4 Kc7 42.Rd3 Re4+
43.Kf1 Qxb2 44.Qh3 Ne5 45.Qf5 Nxd3 46.Nxd3 Qe2+  0-1

[Event "Czech Open A"]
[Site "Pardubice CZE"]
[Date "2006.07.23"]
[Round "3"]
[White "Baci,V"]
[Black "Vozovic,O"]
[Result "0-1"]
[WhiteElo "2206"]
[BlackElo "2356"]

1.e4 g6 2.d4 Bg7 3.Nc3 d5 4.e5 c5 5.dxc5 d4 6.Nb5 Bxe5 7.Nf3 Bg4 8.Bc4 Nc6
9.c3 dxc3 10.Qb3 Na5 11.Bxf7+ Kf8 12.Nxe5 Nxb3 13.Bxb3 cxb2 14.Bxb2 Qa5+
15.Nc3 Nf6 16.O-O Kg7 17.Nxg4 Nxg4 18.Nd5+ Kh6 19.Rae1 Rhe8 20.Nf4 Rac8 21.Ne6 g5
22.Bc2 Rxc5 23.Bg7+ Kh5 24.Bd1 Rc6 25.Re5 Qd2 26.f4 h6 27.f5 Rc1 28.Bxg4+ Kxg4
29.Re4+ Kh5 30.Bd4 Rxf1+ 31.Kxf1 Qd3+ 32.Re2 Qxf5+ 33.Ke1  0-1

[Event "Czech Open A"]
[Site "Pardubice CZE"]
[Date "2006.07.24"]
[Round "4"]
[White "Saric,Iv"]
[Black "Angskog,K"]
[Result "1-0"]
[WhiteElo "2394"]
[BlackElo "2269"]

1.e4 g6 2.d4 Bg7 3.Nc3 c5 4.dxc5 Bxc3+ 5.bxc3 Qa5 6.Qd4 Nf6 7.Qb4 Qc7 8.Nf3 Nc6
9.Qc4 b5 10.Qd3 Bb7 11.Be3 O-O 12.Be2 Rfd8 13.O-O a6 14.Bg5 Ne5 15.Qd4 Nc6
16.Qe3 Ng4 17.Qd2 f6 18.Bf4 Nge5 19.Nd4 Na5 20.a4 Nac4 21.Bxc4+ bxc4 22.Rab1 Bxe4
23.Rfe1 Bc6 24.Bxe5 fxe5 25.Nxc6 dxc6 26.Qe2 Rd5 27.Qxc4 a5 28.Re3 Rf8 29.Rbe1 Rf4
30.Qb3 e6 31.Qb6 Qd7 32.Rd3 Rxa4 33.g3 e4 34.Rxd5 Qxd5 35.Qd8+ Kg7 36.Rb1 Kh6
37.Qf8+ Kh5 38.Qe7 e3 39.Qxh7+ Kg5 40.Qe7+ Kh6 41.Qf8+ Kg5 42.fxe3 Qe5 43.Qf3 Qe4
44.h4+ Kh6 45.Qf8+ Kh5 46.Rf1 Qxe3+ 47.Kg2 Kg4 48.Rf3 Qe2+ 49.Rf2 Qe3 50.Qd6 Re4
51.Qd1+  1-0

[Event "Czech Open A"]
[Site "Pardubice CZE"]
[Date "2006.07.25"]
[Round "5"]
[White "Nilsson,S"]
[Black "Vozovic,O"]
[Result "1/2-1/2"]
[WhiteElo "2236"]
[BlackElo "2356"]

1.e4 g6 2.d4 Bg7 3.Nc3 d5 4.exd5 Nf6 5.Bc4 Nbd7 6.Bg5 Nb6 7.Bxf6 Bxf6 8.Bb3 a5
9.a4 O-O 10.Nge2 Bg7 11.O-O Rb8 12.Re1 Re8 13.Qd3 Rf8 14.Qf3 Bd7 15.Ne4 c6
16.d6 exd6 17.Nxd6 Be6 18.Ne4 Bxb3 19.Qxb3 Nd5 20.c3 h6 21.Qc2 f5 22.Nc5 Qd6
23.Kh1 b6 24.Nd3 g5 25.f4 c5 26.Qd2 cxd4 27.Nxd4 Bxd4 28.cxd4 Nf6 29.Nf2 gxf4
30.Nh3 Ne4 31.Qxf4 Rbd8 32.Qxd6 Rxd6 33.Nf4 Rc8 34.d5 Rc4 35.g3 Kf7 36.Rac1 Rb4
37.Rc7+ Kf6 38.Rh7 Kg5 39.Rg7+ Kf6 40.Rh7 Kg5 41.Rg7+ Kf6 42.Rh7 Kg5 43.Rg7+ Kf6
44.Rh7 Rxb2 45.Rxh6+ Ke7 46.Rh7+ Kf6 47.Rh6+ Ke7 48.Rh7+ Kf6 49.Rh6+  1/2-1/2

[Event "Czech Open A"]
[Site "Pardubice CZE"]
[Date "2006.07.26"]
[Round "6"]
[White "Zawadzka,J"]
[Black "Angskog,K"]
[Result "1/2-1/2"]
[WhiteElo "2378"]
[BlackElo "2269"]

1.e4 g6 2.d4 Bg7 3.Nc3 c5 4.d5 d6 5.Nf3 Nf6 6.Bb5+ Bd7 7.a4 O-O 8.O-O Na6
9.Bg5 Nc7 10.Bc4 Bg4 11.h3 Bxf3 12.Qxf3 a6 13.Qe2 h6 14.Bh4 Rb8 15.f4 b5
16.axb5 axb5 17.Bxb5 Nxb5 18.Nxb5 Nxe4 19.f5 g5 20.Be1 c4 21.Qxe4 Rxb5 22.Bc3 Bf6
23.Bxf6 exf6 24.Qxc4 Qb6+ 25.Kh1 Rxb2 26.Rfc1 Qe3 27.Qc6 Qe5 28.Ra6 Rfb8
29.Ra8 Rxa8 30.Qxa8+ Kg7 31.Qa3 Rb5 32.c4 Rb2 33.Qd3 Re2 34.Rb1 h5  1/2-1/2

[Event "Sunny Pawn B"]
[Site "Illichevsk UKR"]
[Date "2006.07.27"]
[Round "7"]
[White "Kozel,R"]
[Black "Skalski,M"]
[Result "1/2-1/2"]
[WhiteElo "2415"]
[BlackElo "2343"]

1.d4 g6 2.e4 Bg7 3.Nc3 c5 4.d5 Nf6 5.Nf3 d6 6.Bb5+ Nbd7 7.a4 O-O 8.O-O a6
9.Be2 Ne8 10.Re1 Nc7 11.Bf1 Rb8 12.Bf4  1/2-1/2

[Event "Dutch Open"]
[Site "Dieren NED"]
[Date "2006.07.29"]
[Round "5"]
[White "De Kleuver,E"]
[Black "Neuer,T"]
[Result "1-0"]
[WhiteElo "2151"]
[BlackElo "2080"]

1.e4 g6 2.d4 Bg7 3.Nc3 c5 4.Nge2 cxd4 5.Nxd4 Nc6 6.Be3 Nf6 7.g3 O-O 8.Bg2 d6
9.h3 Bd7 10.O-O Qc8 11.Nxc6 bxc6 12.Kh2 Rb8 13.Rb1 Qa6 14.Qe2 Qxe2 15.Nxe2 Be6
16.b3 c5 17.c4 Rfc8 18.Nf4 Bd7 19.Nd3 Bc6 20.e5 Bxg2 21.Kxg2 Nd7 22.exd6 exd6
23.Rbd1 a5 24.Nf4 Bf8 25.Nd5 a4 26.bxa4 Ra8 27.Rb1 Rxa4 28.Rb7 Ne5 29.Bh6 Rxa2
30.Re1 Rca8 31.Rxe5 dxe5 32.Nf6+ Kh8 33.Rxf7 R2a7 34.Rxa7 Rxa7 35.Bxf8 Ra4
36.Bxc5 Rxc4 37.Be3 Kg7 38.Nd7 e4 39.g4 h6 40.h4 Ra4 41.Kg3 Ra8 42.Nc5 Re8
43.Kf4 Kh7 44.Nxe4 Rb8 45.Bd4 Kg8 46.h5 gxh5 47.Nf6+ Kf7 48.Nxh5 Kg6 49.Kg3 Rb3+
50.Be3 Ra3 51.Nf4+ Kg5 52.Ng2+ Kg6 53.f4 Kf6 54.Kh4 Ra2 55.Bd4+ Kg6 56.Ne3 Rh2+
57.Kg3 Ra2 58.Be5 Ra3 59.Kf3 Ra4 60.Nd5 Ra3+ 61.Ke4 Ra4+ 62.Bd4 Ra8 63.Ne7+ Kf7
64.Nf5 Kg6 65.Nh4+ Kh7 66.f5 Kg8 67.f6 Kf7 68.Kf5 Ra5+ 69.Be5 Ra3 70.Ng6 Rf3+
71.Bf4 Rh3 72.Nh8+  1-0

[Event "15th Open A"]
[Site "Vienna AUT"]
[Date "2006.07.29"]
[Round "1"]
[White "Neubauer,M"]
[Black "Rogetzer,K"]
[Result "1-0"]
[WhiteElo "2480"]
[BlackElo "2126"]

1.e4 g6 2.d4 Bg7 3.Nc3 d5 4.exd5 Nf6 5.Bc4 Nbd7 6.Qf3 Nb6 7.Bb3 a5 8.a4 Bg4
9.Qg3 Bf5 10.Nf3 Nbxd5 11.Nxd5 Nxd5 12.O-O O-O 13.c3 Ra6 14.Qh4 Rb6 15.Ba2 e6
16.Bg5 f6 17.Bc1 g5 18.Qg3 Qd7 19.Re1 Qf7 20.Nd2 Qh5 21.Nc4 Ra6 22.Ne3 Nxe3
23.Bxe3 Rd6 24.c4 Kh8 25.d5 Re8 26.Bd2 b6 27.c5 bxc5 28.Bxa5 exd5 29.Bxc7 Rxe1+
30.Rxe1 Re6 31.Ba5 Qe8 32.Qe3 Qxa4 33.Bxd5 Bf8 34.h4 h6 35.hxg5 hxg5 36.Qf3 Kg7
37.Qxf5 Bd6 38.Qe4 Qd1 39.Bc4 f5 40.Qe2  1-0

[Event "15th Open A"]
[Site "Vienna AUT"]
[Date "2006.07.30"]
[Round "2"]
[White "Steiner,Ad"]
[Black "Sukopp,K"]
[Result "1-0"]
[WhiteElo "2140"]
[BlackElo "2045"]

1.e4 g6 2.d4 Bg7 3.Nc3 d5 4.exd5 Nf6 5.Bc4 Nbd7 6.Bb3 Nb6 7.Nge2 a5 8.a3 a4
9.Ba2 Nbxd5 10.Nxd5 Nxd5 11.c4 Nb6 12.Be3 O-O 13.Qd2 Nd7 14.Rd1 c5 15.dxc5 Qa5
16.Nc3 Nxc5 17.Nd5 Nd3+ 18.Ke2 Nxb2 19.Qxa5 Rxa5 20.Rd2 Rxd5 21.cxd5 b5 22.Bd4 Nc4
23.Bxg7 Kxg7 24.Bxc4 bxc4 25.Ke3 Bf5 26.Kd4 Bd3 27.Rb2 Rd8 28.Rb6 Bc2 29.Re1 Rd7
30.Re3 Bb3 31.Rc3 Rc7 32.Rc6 Ra7 33.Rb6 Rc7 34.Ra6 Kf8 35.d6 exd6 36.Rxd6 Re7
37.Re3 Rc7 38.Rb6 Rd7+ 39.Kc3 Rc7 40.Rb8+ Kg7 41.Rd8 h5 42.Re2 Kh7 43.Red2 Kg7
44.R8d7 Rc5 45.f4 Rf5 46.g3 Rb5 47.h3 Rb6 48.R7d6 Rb8 49.Re2 Rb7 50.g4 hxg4
51.hxg4 Rb8 52.g5 Rh8 53.Re3 Rh1 54.Rd8 Rh8 55.Rxh8 Kxh8 56.Re8+ Kh7 57.Rc8 Kg7
58.Kd4 Kh7 59.Ke5 Kg7 60.Rc7 Ba2 61.Kd6 Bb3 62.Ke7 Ba2 63.Ke8 c3 64.Rxc3 Bd5
65.Ke7 Ba2 66.Rc7 Bd5 67.Kd6 Ba2 68.Kc5 Be6 69.Kb4 Bb3 70.Ra7 Kf8 71.Rxa4 Bxa4
72.Kxa4 Ke7 73.Kb3 f6 74.a4 fxg5 75.fxg5 Kd6 76.Kc4  1-0

[Event "Open"]
[Site "Stare Mesto CZE"]
[Date "2006.08.14"]
[Round "5"]
[White "Havranek,Mir"]
[Black "Walentukiewicz,M"]
[Result "1/2-1/2"]
[WhiteElo "2232"]
[BlackElo "2076"]

1.e4 g6 2.d4 Bg7 3.Nc3 c5 4.d5 d6 5.Nf3 Nf6 6.Bd3 O-O 7.O-O e5 8.Nd2 Nh5
9.Nc4 Na6 10.g3 Nc7 11.a4 b6 12.Be2 Nf6 13.Bg5 h6 14.Be3 Nfe8 15.Qd2 Kh7
16.f3 f5 17.Kh1 Nf6 18.b3 fxe4 19.fxe4 Bh3 20.Rf2 Ng4 21.Rxf8 Qxf8 22.Bxg4 Bxg4
23.Kg1 Bh3 24.Qe2 Qe7 25.Nd1 Rf8 26.Nf2 Bc8 27.Nd2 Bd7  1/2-1/2

[Event "Open"]
[Site "Predeal ROM"]
[Date "2006.08.16"]
[Round "7"]
[White "Ionica,I"]
[Black "Bogdan,D"]
[Result "1/2-1/2"]
[WhiteElo "2231"]
[BlackElo "2434"]

1.e4 g6 2.d4 Bg7 3.Nc3 a6 4.Be3 b5 5.Bd3 Bb7 6.Nf3 d6 7.Qd2 Nd7 8.a4 c6 9.h4 h5
10.O-O e5 11.dxe5 dxe5 12.Rfd1 Ngf6 13.Bg5 O-O 14.Ne2 Re8 15.b4 Qc7 16.Ng3 Nf8
17.Bh6 Bxh6 18.Qxh6 Ng4 19.Qd2 Ne6 20.Ng5 Nf4 21.Be2 Nxe2+ 22.Qxe2 Rad8 23.Nf1 f6
24.Nf3 Rxd1 25.Rxd1 Kg7 26.Ne3 Bc8 27.Nd2 Nxe3 28.Qxe3 Qd6 29.Rb1 Rd8 30.Nf3 bxa4
31.Qa3 Bg4 32.Qxa4 Bxf3 33.gxf3 Ra8 34.Kg2 Kh6 35.Rb3 Rg8  1/2-1/2

[Event "Open"]
[Site "Stare Mesto CZE"]
[Date "2006.08.18"]
[Round "9"]
[White "Damia,A"]
[Black "Walentukiewicz,M"]
[Result "1/2-1/2"]
[WhiteElo "2237"]
[BlackElo "2076"]

1.e4 g6 2.d4 Bg7 3.Nc3 c5 4.Nf3 cxd4 5.Nxd4 Nc6 6.Be3 Nf6 7.Be2 O-O 8.Qd2 d6
9.f3 Nxd4 10.Bxd4 Be6 11.O-O Qa5 12.Nb1 Qxd2 13.Nxd2 Rfc8 14.c3 Nd7 15.Bxg7 Kxg7
16.Nb3 Bc4 17.Bxc4 Rxc4 18.Rfd1 Rac8  1/2-1/2

[Event "23rd Open"]
[Site "Collado Villalba ESP"]
[Date "2006.08.21"]
[Round "3"]
[White "Guliev,L"]
[Black "De la Fuente G.,F"]
[Result "1-0"]
[WhiteElo "2417"]
[BlackElo "2217"]

1.e4 g6 2.d4 Bg7 3.Nc3 c5 4.dxc5 Bxc3+ 5.bxc3 Qa5 6.Qd4 Nf6 7.Bd2 Nc6 8.Qe3 O-O
9.Bd3 Ng4 10.Qg5 Nge5 11.f4 f6 12.Qg3 Nxd3+ 13.cxd3 Qxc5 14.h4 Qh5 15.Ne2 d6
16.f5 e5 17.fxe6 Bxe6 18.Qxd6 Qg4 19.Qg3 Ne5 20.d4 Nc4 21.Qxg4 Bxg4 22.Ng3 Rac8
23.Bh6 Rf7 24.O-O Nd6 25.Rac1 Re8 26.Rf4 Bd7 27.Rcf1 Bb5 28.R1f2 Bd3 29.Rxf6 Rxf6
30.Rxf6 Nxe4 31.Nxe4 Bxe4 32.c4 Bd3 33.c5 Bc4 34.a4 Rd8 35.a5 a6 36.Kf2 Bf7
37.Ke3 Re8+ 38.Kf4 Rd8 39.Ke5 Rd5+ 40.Ke4 Rd7 41.g3 Re7+ 42.Kd3 Re6 43.Rf4 Re1
44.Rf6 Re6 45.Rf4 Re1 46.Kd2 Re8 47.Rf3 Rd8 48.Kd3 Re8 49.Rf2 Re1 50.g4 Re8
51.Rf4 Re1 52.Bg5 Rd1+ 53.Ke3 Ra1 54.Bd8 Bd5 55.Rf6 Ra3+ 56.Kd2 Ra4 57.Ke3 Ra3+
58.Kf4 Rf3+ 59.Ke5 Rxf6 60.Bxf6 Bf3 61.g5 Kf7 62.d5 Ke8 63.Kd6 Bg2 64.c6 bxc6
65.dxc6 Bh3 66.c7 Bc8 67.Kc6 Kf7 68.Kb6 Ke6 69.Ka7 Kd6 70.Kb8  1-0

[Event "3rd Dato Arthur Tan"]
[Site "Kuala Lumpur MAS"]
[Date "2006.08.27"]
[Round "11"]
[White "Sumant,S"]
[Black "Edwin,L"]
[Result "1/2-1/2"]
[WhiteElo "2013"]
[BlackElo "1977"]

1.e4 Nc6 2.Nc3 g6 3.d4 Bg7 4.Be3 d6 5.Bc4 Na5 6.Bd3 a6 7.Nge2 e6 8.O-O Ne7
9.a4 O-O 10.f4 d5 11.b3 Nac6 12.e5 Nb4 13.g4 Nxd3 14.Qxd3 b6 15.b4 Nc6 16.Rab1 Qh4
17.g5 Ne7  1/2-1/2

[Event "TCh-Serbia"]
[Site "Zlatibor SCG"]
[Date "2006.08.28"]
[Round "3"]
[White "Perunovic,Mil"]
[Black "Tseshkovsky,V"]
[Result "1-0"]
[WhiteElo "2526"]
[BlackElo "2576"]

1.e4 g6 2.d4 Bg7 3.Nc3 a6 4.f4 b5 5.Nf3 Bb7 6.Bd3 d6 7.e5 dxe5 8.dxe5 Nh6
9.Qe2 O-O 10.Be3 Qc8 11.O-O-O c5 12.Be4 Bxe4 13.Nxe4 c4 14.Nc5 a5 15.Ng5 a4
16.a3 b4 17.axb4 a3 18.Kb1 axb2 19.Qxc4 Nf5 20.Bf2 Nd6 21.Qd3 Na6 22.c3 Nxc5
23.Bxc5 Qc6 24.Qd5 Qa6 25.Bxd6 Qa1+ 26.Kc2 Qa4+ 27.Kxb2 Qa3+ 28.Kc2 Qa4+
29.Qb3 Qc6 30.Bxe7 Qxg2+ 31.Kb1 h6 32.Rhg1 Qb7 33.Bxf8 hxg5 34.Qd5 Qa7 35.Bxg7 Qa1+
36.Kc2 Ra2+ 37.Kd3 Qb2 38.Rg2  1-0

[Event "3rd Open"]
[Site "Kalamaria GRE"]
[Date "2006.09.02"]
[Round "4"]
[White "Zakarian,D"]
[Black "Milovanovic,Ni"]
[Result "1-0"]
[WhiteElo "2327"]
[BlackElo "2218"]

1.e4 g6 2.d4 Bg7 3.Nc3 d5 4.exd5 Nf6 5.Bc4 Nbd7 6.Bg5 O-O 7.Nge2 Nb6 8.Bxf6 exf6
9.Bb3 f5 10.Qd2 a5 11.a4 Bd7 12.O-O-O Qe8 13.Rde1 Bxa4 14.Nxa4 Nxa4 15.Nc3 Nb6
16.Rxe8 Rfxe8  1-0

[Event "3rd LGA Premium Cup"]
[Site "Nuernberg GER"]
[Date "2006.09.08"]
[Round "2"]
[White "Hector,J"]
[Black "Schatz,C"]
[Result "1-0"]
[WhiteElo "2508"]
[BlackElo "2206"]

1.d4 g6 2.e4 Bg7 3.Nc3 d5 4.Nxd5 c6 5.Ne3 Qxd4 6.Bd3 Be6 7.Nf3 Qd6 8.O-O Nd7
9.Bd2 Ngf6 10.Ng5 Ne5 11.Nxe6 Qxe6 12.f4 Nxd3 13.cxd3 Rd8 14.Bc3 O-O 15.Qe2 Nd7
16.f5 Qd6 17.Rad1 Bxc3 18.bxc3 Qc5 19.Qe1 Nf6 20.Rf3 Qe5 21.Nc4 Qc5+ 22.Ne3 Qe5
23.Rh3 Kg7 24.Rh4 c5 25.Nc4 Qc7 26.e5 Ng8 27.Qg3 Qd7 28.e6 Qe8 29.Re1 f6
30.fxg6 hxg6 31.Qh3 Nh6 32.Rxh6 Rh8 33.Rxh8 Qxh8 34.Qg3 b5 35.Ne3 Qh5 36.Qc7 Re8
37.Qd7 Kf8 38.Nd5 Qh4 39.Rf1 Qg5 40.Nxf6 Qxf6  1-0

[Event "59th ch-RUS 1st League"]
[Site "Tomsk RUS"]
[Date "2006.09.10"]
[Round "8"]
[White "Andreikin,D"]
[Black "Chernyshov,K"]
[Result "1/2-1/2"]
[WhiteElo "2503"]
[BlackElo "2537"]

1.e4 g6 2.d4 Bg7 3.Nc3 a6 4.a4 d6 5.Be3 Nf6 6.h3 O-O 7.Nf3 b6 8.Bc4 e6 9.e5 dxe5
10.Nxe5 Bb7 11.O-O Nc6 12.Be2 Nxe5 13.dxe5 Ne4 14.Qxd8 Raxd8 15.Nxe4 Bxe4
16.f4 Bxc2 17.Rfc1 Bd3 18.Bxd3 Rxd3 19.Ra3 Rxa3 20.bxa3 Rb8 21.Rxc7 Bf8 22.Ra7 a5
23.Ra6 Bxa3 24.Rxb6 Rc8 25.Rb5 Bc1 26.Bxc1 Rxc1+ 27.Kf2 Rc4 28.Rxa5 Rxf4+
29.Ke3 g5 30.Ra8+ Kg7 31.a5 h5 32.a6 h4 33.Kd3 Rf2 34.a7 Ra2 35.Kc4 Ra5  1/2-1/2

[Event "EU-chB18"]
[Site "Herceg Novi MNE"]
[Date "2006.09.13"]
[Round "4"]
[White "Reppen,S"]
[Black "Dragicevic,Draz"]
[Result "1/2-1/2"]
[WhiteElo "2071"]
[BlackElo "2200"]

1.e4 g6 2.d4 Bg7 3.Nc3 d5 4.exd5 Nf6 5.Nf3 O-O 6.Be2 Nxd5 7.Nxd5 Qxd5 8.O-O c5
9.c4 Qd6 10.Be3 Qc7 11.Qb3 cxd4 12.Nxd4 a6 13.Bf3 Nd7 14.Rac1 Ne5 15.Be4 Ng4
16.g3 Nxe3 17.Qxe3 Qb6 18.Nf5 Qc7 19.Nxg7 Kxg7 20.Rfe1 Kg8 21.h4 Bg4 22.Qg5 h5
23.Bxg6 fxg6 24.Qxg6+ Kh8 25.Qh6+ Kg8 26.Qg6+  1/2-1/2

[Event "XVI WSen"]
[Site "Arvier ITA"]
[Date "2006.09.16"]
[Round "6"]
[White "Wagner,Ca"]
[Black "Krstic,S AUS"]
[Result "1-0"]
[WhiteElo "2209"]
[BlackElo "2062"]

1.e4 g6 2.d4 Bg7 3.Nc3 c5 4.Nf3 cxd4 5.Nxd4 a6 6.Be3 Nc6 7.Qd2 d6 8.f3 Bd7
9.O-O-O Rc8 10.g4 Nxd4 11.Bxd4 Kf8 12.Bxg7+ Kxg7 13.e5 Be6 14.Qd4 Qa5 15.exd6+ f6
16.a3 exd6 17.Qxd6 Rc6 18.Qd2 Ne7 19.Ne4 Qc7 20.Kb1 Rc8 21.Bd3 Nd5 22.h4 Nf4
23.Rc1 Qe5 24.Rhe1 Qd5 25.b3 Nxd3 26.Qxd3 Qxd3 27.cxd3 Rxc1+ 28.Rxc1 Rxc1+
29.Kxc1 Bxb3 30.Kd2 Bd5 31.Ke3 Kf7 32.Kd4 Bc6 33.f4 h6 34.Kc5 Ke6 35.Kb6 f5
36.Nc5+ Kd5 37.gxf5 gxf5 38.Nxb7 Bb5 39.Nc5 Kd4 40.a4 Bxa4 41.Nxa4 Kxd3 42.Nc5+ Ke3
43.Ne6 Kf3 44.Kxa6 Kg4 45.Kb5 Kxh4 46.Kc4 Kg4 47.Kd4 h5 48.Ke5  1-0

[Event "USCL"]
[Site "ICC INT"]
[Date "2006.09.20"]
[Round "4"]
[White "Riordan,C"]
[Black "Rogers,N"]
[Result "1-0"]
[WhiteElo "2253"]
[BlackElo "2260"]

1.e4 g6 2.d4 Bg7 3.Nc3 c5 4.Nf3 cxd4 5.Nxd4 Nc6 6.Be3 Nf6 7.Bc4 O-O 8.Bb3 a5
9.a4 d6 10.h3 Nb4 11.O-O Bd7 12.f4 e5 13.fxe5 dxe5 14.Ndb5 Nh5 15.Qd6 Be6
16.Qxd8 Rfxd8 17.Nd5 Ng3 18.Rfe1 Bxd5 19.exd5 Rd7 20.Bb6 Ra6 21.Bc7 Nxd5
22.Bxe5 Bxe5 23.Rxe5 Nf6 24.Kh2 Nf5 25.Rae1 h5 26.c3 h4 27.Bc2 Ng3 28.Re7 Kf8
29.Rxd7 Nxd7 30.Rd1 Rf6 31.Rxd7 Rf1 32.Rd1 Rf2 33.Nd4 Kg7 34.Kg1 Rf6 35.Bd3 Rb6
36.Rd2 Nh5 37.Nf3 Rf6 38.Bb5 Nf4 39.Nxh4 g5 40.Nf3 Nxh3+ 41.gxh3 Rxf3 42.Kg2 Rf4
43.Rd4 Rf5 44.Rd7 b6 45.Rd6 Kf8 46.Rxb6 Rd5 47.Rf6 Rd2+ 48.Rf2 Rd6 49.b4 axb4
50.cxb4 Rd4 51.Rb2 Ke7 52.a5 Kd6 53.Be2 Kc7 54.b5  1-0

[Event "Tatry Open"]
[Site "Tatranske Zruby SVK"]
[Date "2006.09.30"]
[Round "9"]
[White "Zambor,N"]
[Black "Bucek,E"]
[Result "1/2-1/2"]
[WhiteElo "2269"]
[BlackElo "2025"]

1.d4 g6 2.e4 Bg7 3.Nc3 Nc6 4.Be3 e5 5.d5 Nd4 6.Nce2 c5 7.c3 Nxe2 8.Bxe2 d6
9.Nf3 Nf6 10.Nd2 O-O 11.O-O Ne8 12.Kh1 f5 13.exf5 gxf5 14.f4 Nf6 15.fxe5 Nxd5
16.Bc4 Be6 17.Qb3 Nxe3 18.Bxe6+ Kh8 19.Rf3 f4 20.exd6 Qxd6 21.Nf1 Rae8 22.Nxe3 Qxe6
23.Qxe6 Rxe6 24.Nd5 Re2 25.Rb1 Bh6 26.g3 fxg3 27.Rxf8+ Bxf8 28.hxg3 Bd6 29.g4 Kg7
30.b4 Rh2+ 31.Kg1 Rxa2 32.Ne3 Bh2+ 33.Kf1 cxb4 34.Rxb4 b6 35.Re4 Kf6 36.c4 Bd6
37.Re8 Bc5 38.Nd5+ Kf7 39.Rc8 a5 40.Rc7+ Kg6 41.Ke1 a4 42.Kd1 Rb2 43.Nf4+ Kg5
44.Nd3 Rg2 45.Rxh7 a3 46.Rg7+ Kf6 47.Ra7 Rxg4 48.Nxc5 bxc5 49.Rxa3 Rxc4 50.Re3 Kf5
51.Re8 Re4 52.Rc8 Re5 53.Kd2 Ke4 54.Kc3  1/2-1/2

[Event "Goodbye Summer Open"]
[Site "Omis CRO"]
[Date "2006.10.04"]
[Round "1"]
[White "Zaja,I"]
[Black "Prlac,V"]
[Result "1-0"]
[WhiteElo "2445"]
[BlackElo "2115"]

1.d4 g6 2.e4 Bg7 3.Nc3 c5 4.dxc5 Bxc3+ 5.bxc3 Qa5 6.Ne2 Nf6 7.Bh6 Qxc5 8.f3 Nc6
9.Qd2 Rg8 10.Nd4 d6 11.Nb5 Qb6 12.Be3 Qa5 13.Be2 a6 14.Nd4 Bd7 15.Rb1 Qc7
16.Nxc6 Bxc6 17.Bb6 Qc8 18.O-O Qe6 19.Rb4 Nd7 20.Bc4 Qf6 21.Bd4 e5 22.Be3 g5
23.Bd5 Ke7 24.c4 h6 25.Rd1 Rab8 26.Bxc6 bxc6 27.c5 Rxb4 28.cxd6+ Kf8 29.Qxb4 Rg6
30.Qb7 Qe6 31.Qxc6 g4 32.f4 exf4 33.Bxf4 Kg7 34.e5 f6 35.exf6+ Rxf6 36.Qc3 Kf7
37.Re1  1-0

[Event "22nd ECU Club Cup"]
[Site "Feugen AUT"]
[Date "2006.10.11"]
[Round "4"]
[White "Kosmo,S"]
[Black "Rewitz,P"]
[Result "0-1"]
[WhiteElo "2280"]
[BlackElo "2245"]

1.e4 g6 2.d4 Bg7 3.Nc3 d5 4.exd5 Nf6 5.Bc4 Nbd7 6.Bg5 Nb6 7.Bxf6 Bxf6 8.Bb3 a5
9.a4 O-O 10.Nge2 Bg4 11.f3 Bc8 12.O-O c6 13.dxc6 bxc6 14.Ne4 Bg7 15.c3 Be6
16.Nc5 Bc4 17.Re1 Rb8 18.Bxc4 Nxc4 19.b3 Ne3 20.Qd3 Nd5 21.Ng3 Nxc3 22.Kh1 Bxd4
23.Rec1 Bxc5 24.Qxc3 Bb4  0-1

[Event "ch-Nassau"]
[Site "Mineola USA"]
[Date "2006.10.16"]
[Round "1"]
[White "Bonin,J"]
[Black "Kreitner,I"]
[Result "1-0"]
[WhiteElo "2310"]
[BlackElo "2053"]

1.d4 g6 2.e4 Bg7 3.Nc3 c5 4.d5 d6 5.Bb5+ Nd7 6.a4 a6 7.Be2 Ngf6 8.Nf3 O-O
9.O-O Qc7 10.h3 h6 11.Nd2 Nh7 12.Nc4 Nb6 13.Ne3 Bd7 14.a5 Nc8 15.f4 Bd4 16.Kh1 Nf6
17.Bf3 Bb5 18.Nxb5 axb5 19.c3 Bxe3 20.Bxe3 Rxa5 21.Rxa5 Qxa5 22.e5 Nh7 23.f5 g5
24.f6 Qc7 25.Be4 dxe5 26.Bxh7+ Kxh7 27.Bxg5 e6 28.Qd3+ Kg8 29.Bxh6 e4 30.Qxe4 Ne7
31.dxe6 Nf5 32.Qg4+  1-0

[Event "III Open"]
[Site "Calvia ESP"]
[Date "2006.10.25"]
[Round "6"]
[White "Jones,G"]
[Black "Gonzalez Arribas,V"]
[Result "1-0"]
[WhiteElo "2430"]
[BlackElo "2297"]

1.e4 c5 2.Nc3 g6 3.d4 Bg7 4.dxc5 Bxc3+ 5.bxc3 Qa5 6.Qd4 Nf6 7.Qb4 Qc7 8.Nf3 Nc6
9.Qa4 Ne5 10.Be3 b6 11.Qa3 bxc5 12.Bxc5 d6 13.Nxe5 dxc5 14.Bb5+ Kf8 15.f4 Nxe4
16.Bc6 Bb7 17.Bxe4 Bxe4 18.O-O-O Bf5 19.c4 f6 20.g4 Be6 21.Nd3 Rc8 22.g5 Bxc4
23.gxf6 exf6 24.Qc3 Qf7 25.Nf2 Kg7 26.Ne4 Bd5 27.Nd6 Qe6 28.Nxc8 Bxh1 29.Nd6 Rd8
30.Nf5+ Qxf5 31.Rxd8 Qxf4+ 32.Kb2 Qb4+ 33.Qxb4 cxb4 34.Rd7+ Kh6 35.Rxa7 f5
36.Kb3 f4 37.Kxb4 Be4 38.Kc3 g5 39.Kd2 Kh5 40.Re7 Bf5 41.a4 Kg4 42.a5 Bc8
43.Rxh7 Kf3 44.Rc7 Bh3 45.Rc3+ Kg2 46.Rxh3 g4 47.Ra3 f3 48.a6  1-0

[Event "14th Chigorin Mem"]
[Site "St-Petersburg RUS"]
[Date "2006.10.29"]
[Round "8"]
[White "Kuzin,A"]
[Black "Onoprienko,V"]
[Result "0-1"]
[WhiteElo "2465"]
[BlackElo "2348"]

1.e4 g6 2.d4 Bg7 3.Nc3 c5 4.dxc5 Bxc3+ 5.bxc3 Qa5 6.Bb2 Nc6 7.Nf3 Qxc5 8.Bd3 Nf6
9.O-O d6 10.c4 O-O 11.Qe2 Bg4 12.h3 Bxf3 13.Qxf3 Ne5 14.Qe2 Rac8 15.Rab1 b6
16.Bxe5 dxe5 17.Rb5 Qd4 18.g3 e6 19.a4 Nd7 20.a5 a6 21.Rb3 bxa5 22.Ra3 Nc5
23.Rxa5 Rfd8 24.Ra3 Qb2  0-1

[Event "10th OIBM"]
[Site "Bad Wiessee GER"]
[Date "2006.11.04"]
[Round "1"]
[White "Al Sayed,Mohamad"]
[Black "Maurer,R"]
[Result "1-0"]
[WhiteElo "2486"]
[BlackElo "2036"]

1.e4 g6 2.d4 Bg7 3.Nc3 c5 4.dxc5 Qa5 5.Bd2 Qxc5 6.Nd5 Na6 7.Bxa6 bxa6 8.Bb4 Qc6
9.Ne2 d6 10.Bc3 Bxc3+ 11.Nexc3 h5 12.Qd4 Rh7 13.O-O-O Be6 14.Rhe1 Bxd5 15.Nxd5 Rc8
16.Rd2 Qc4 17.Re3 Qxd4 18.Rxd4 e6 19.Rc3 Rxc3 20.Nxc3 Ke7 21.Ra4 Nf6 22.f3 g5
23.Rxa6 g4 24.Rxa7+ Nd7 25.f4 f5 26.exf5 exf5 27.a4 Rh8 28.Nb5 Rc8 29.Nd4 Rc4
30.Nxf5+  1-0

[Event "Femida w"]
[Site "Kharkiv UKR"]
[Date "2006.11.06"]
[Round "9"]
[White "Burtasova,A"]
[Black "Vozovic,O"]
[Result "1-0"]
[WhiteElo "2264"]
[BlackElo "2352"]

1.e4 g6 2.d4 Bg7 3.Nc3 d5 4.exd5 Nf6 5.Bc4 Nbd7 6.Bg5 Nb6 7.Bxf6 Bxf6 8.Bb3 a5
9.a4 O-O 10.Nge2 Bg7 11.O-O c6 12.dxc6 bxc6 13.Ne4 Ba6 14.c3 e5 15.Nc5 Bxe2
16.Qxe2 exd4 17.Rad1 Qe8 18.Qf3 dxc3 19.Rfe1 c2 20.Bxc2 Qc8 21.Bb3 Ra7 22.Rd6 Rc7
23.h4 Re8 24.Rxe8+ Qxe8 25.Ne6 Rc8 26.Nxg7 Kxg7 27.Qf6+ Kg8 28.h5 Nd7 29.Bxf7+ Qxf7
30.Qxf7+ Kxf7 31.Rxd7+ Ke6 32.Rxh7 gxh5 33.Rxh5 Rb8 34.Rxa5 Rxb2 35.Ra8 Kd7
36.a5 Ra2 37.g4 c5 38.g5 c4 39.g6 c3 40.g7 c2 41.Rd8+ Ke7 42.Rc8 c1=Q+ 43.Rxc1 Kf7
44.Rc7+ Kg8 45.Ra7 Kh7 46.Kg2 Ra3 47.f3 Ra2+ 48.Kg3 Ra4 49.f4 Ra3+ 50.Kg4 Ra4
51.Kg5 Kg8 52.f5 Ra1 53.Kf6 Kh7 54.Ra8  1-0

[Event "TCh-ROM Divizia A Masculin"]
[Site "Predeal ROM"]
[Date "2006.11.07"]
[Round "4"]
[White "Timoshenko,G"]
[Black "Barnaure,V"]
[Result "1-0"]
[WhiteElo "2550"]
[BlackElo "2433"]

1.e4 g6 2.d4 Bg7 3.Nc3 a6 4.h4 d5 5.Nxd5 c6 6.Ne3 Qxd4 7.Qxd4 Bxd4 8.Nf3 Bg7
9.h5 Nd7 10.Nc4 gxh5 11.Rxh5 Ngf6 12.Rh4 h5 13.a4 b5 14.Ne3 Ng4 15.Nxg4 hxg4
16.Rxg4 Kf8 17.Rh4 Rxh4 18.Nxh4 Nc5 19.axb5 cxb5 20.Nf5 Bxf5 21.exf5 Rd8
22.Ra2 Rd5 23.g4 e6 24.fxe6 Re5+ 25.Be2 Rxe6 26.Be3 Na4 27.c4 Nxb2 28.cxb5 Bc3+
29.Kf1 axb5 30.Bxb5 Nd1 31.Bc5+ Kg7 32.Ra8 f5 33.gxf5 Re5 34.Bf8+ Kf6 35.Bd7 Re1+
36.Kg2 Bd4 37.Ra6+ Kf7 38.Bh6 Nxf2 39.Be6+ Kf6 40.Bd2 Re4 41.Kf3 Rh4 42.Be1 Kg5
43.Bd2+ Kf6 44.Rd6 Rh3+ 45.Kg2 Rg3+ 46.Kf1 Ke5 47.Rxd4 Kxd4 48.Kxf2 Rd3 49.Ke2 Rg3
50.f6 Rg6 51.Be3+ Ke5 52.f7 Rf6 53.Bb3 Kd6 54.Bc1  1-0

[Event "10th OIBM"]
[Site "Bad Wiessee GER"]
[Date "2006.11.10"]
[Round "7"]
[White "Schippan,B"]
[Black "Wunder,S"]
[Result "0-1"]
[WhiteElo "2269"]
[BlackElo "2161"]

1.e4 g6 2.d4 Bg7 3.Nc3 d5 4.Nxd5 c6 5.Nc3 Qxd4 6.Bd3 Nd7 7.Nf3 Qd6 8.Qe2 Ne5
9.Nxe5 Bxe5 10.h3 Nf6 11.O-O Nh5 12.Bc4 Be6 13.Rd1 Bxc4 14.Qxc4 Qc7 15.Bh6 Rg8
16.Bg5 h6 17.Be3 g5 18.Rd2 Rg6 19.Rad1 Nf6 20.Ne2 Kf8 21.Bd4 Nxe4 22.Bxe5 Qxe5
23.Rd4 Rd6 24.Rxd6 Nxd6 25.Qd3 Kg8 26.Ng3 Rf8 27.c3 f5 28.Ne2 Rf6 29.Nd4 g4
30.hxg4 fxg4 31.Qe2 Qxe2 32.Nxe2 Kf7 33.Ng3 Kg6 34.Re1 Nc8 35.Re5 Rd6 36.Ne4 Rd5
37.Rxd5 cxd5 38.Nc5 Nd6 39.Kh2 Kf5 40.Nd3 e5 41.Kg3 b6 42.f3 gxf3 43.gxf3 Nc4
44.b3 Ne3 45.Nf2 b5 46.Kh4 Nf1 47.Kh3 Nd2 48.Kg3 e4 49.Ng4 exf3 50.Nxh6+ Ke4
51.Ng8 Ke3 52.Nf6  0-1